00797nam a22002292a 450000100060000000300080000600500170001400800410003103500190007204000370009104100080012808200160013610000490015224501110020126000420031230000240035450400260037865100400040465100410044483000120048583000700049723382BD-RjUL20211209000925.0140310s1962 ilu b 000 0 eng d a(BD-RjUL)23447 aDLCcWSUdSERdEQOdBD-RjULbeng aeng a911.73bBAL1 aBarrows, Harlan H.q(Harlan Harland),d1877-10aLectures on the historical geography of the United States as given in 1933 /cEdited by William A. Koelsch aChicago :c1962.bDepr. of geography, a242 p. [8] ;c23 cm aIncludes bibliography 0aUnited StatesxHistorical geography 0aUnited StatesxTerritorial expansion 0vno. 77. 0aResearch paper (University of Chicago. Department of Geography) ;